| 000 | 01475aam a2200313 i 4500 | ||
|---|---|---|---|
| 001 | 768714001 | ||
| 003 | CO-MdFUSB | ||
| 005 | 20250425164557.0 | ||
| 007 | ta | ||
| 008 | 250425t1946 -us |||| |||| 00| 0 eng d | ||
| 040 | _cCO-MdFUSB | ||
| 041 | 0 | _aeng | |
| 082 | 0 | 4 |
_223 _a239 _bH2171c |
| 100 | 1 |
_aHamilton, Floyd E. (Eugene) (1890-) _eautor |
|
| 245 | 1 | 0 |
_aThe basis of christian faith : _ba modern defense of the christian religion _c/ Floyd E. Hamilton |
| 250 | _atercera edición revisada | ||
| 264 | 1 |
_bHarper and Brothers Publishers, _aNew York, USA : _c[1946] |
|
| 264 | 4 | _c©1946 | |
| 300 |
_a354 páginas _c; 20 cm |
||
| 336 |
_atexto _btxt _2rdacontent |
||
| 337 |
_2rdamedia _asin mediación _bn |
||
| 338 |
_2rdacarrier _avolumen _bnc |
||
| 505 | _aLa razón humana. -- El universo externo. -- Las razones por las que debemos creer en Dios. -- El mundo actual y su origen. -- Lo razonable del sobrenaturalismo. -- La causa del crecimiento de las grandes religiones del mundo. -- La causa del crecimiento inicial del cristianismo. -- El libro más extraordinario del mundo. -- La unidad de la Biblia. -- La confiabilidad histórica de la Biblia. -- La integridad, validez y autenticidad de la Biblia. -- Crítica histórica y literaria del Antiguo Testamento. -- Crítica histórica y literaria del Nuevo Testamento. | ||
| 563 | _aPasta dura | ||
| 650 | 7 |
_aApologética _9187 |
|
| 942 | _cBK | ||
| 945 | _aJTF-925 | ||
| 999 |
_c35083 _d35083 |
||